[Event "Foxwoods op 16th"]
[Site "Ledyard"]
[Date "2024.03.31"]
[Round "9"]
[White "Mkrtchyan, Mikayel"]
[Black "Graif, William"]
[Result "1-0"]
[WhiteElo "2071"]
[BlackElo "2244"]
[PlyCount "91"]
[EventDate "2024.03.27"]
[EventType "swiss"]
[EventRounds "9"]
[EventCountry "USA"]
[SourceTitle "CB14_2024"]
[SourceDate "2024.04.01"]
[SourceVersion "1"]
[SourceVersionDate "2024.04.01"]
[SourceQuality "1"]

1. c4 c5 2. g3 g6 3. Bg2 Bg7 4. Nc3 Nc6 5. Nf3 e5 6. a3 a5 7. d3 Nge7 8. Nd2 d6 9. Nf1 0-0 10. Ne3 f5 11. Ned5 Nxd5 12. Nxd5 Kh8 13. 0-0 g5 14. f4 exf4 15. gxf4 g4 16. Rb1 Re8 17. Bd2 Re6 18. Bc3 Rh6 19. Qe1 Be6 20. e3 Qe8 21. Bxg7+ Kxg7 22. Qc3+ Kf7 23. Nc7 Qf8 24. Nxa8 Qxa8 25. d4 Ne7 26. dxc5 dxc5 27. b4 cxb4 28. axb4 a4 29. Ra1 Ng6 30. Rfd1 Nh4 31. Qe5 Nxg2 32. Kxg2 b5+ 33. e4 bxc4 34. Kg1 g3 35. hxg3 c3 36. Rac1 Qa7+ 37. Qd4 Qa6 38. exf5 Bxf5 39. Rxc3 Qb7 40. Qd5+ Qxd5 41. Rxd5 Be6 42. Ra5 Bd7 43. Rd3 Be8 44. Ra7+ Kf8 45. Rd8 Rb6 46. Rxh7 1-0

[Event "New York President's Day IM-B"]
[Site "New York"]
[Date "2024.02.19"]
[Round "8"]
[White "Poliannikov, Danila"]
[Black "Graif, William"]
[Result "1-0"]
[WhiteElo "2276"]
[BlackElo "2302"]
[PlyCount "103"]
[EventDate "2024.02.15"]
[EventType "schev"]
[EventRounds "9"]
[EventCountry "USA"]
[SourceTitle "CB08_2024"]
[SourceDate "2024.02.21"]
[SourceVersion "1"]
[SourceVersionDate "2024.02.21"]
[SourceQuality "1"]

1. e4 c5 2. Nf3 d6 3. d4 cxd4 4. Nxd4 Nf6 5. Nc3 g6 6. Be3 Bg7 7. f3 0-0 8. Qd2 Nc6 9. g4 Be6 10. 0-0-0 Nxd4 11. Bxd4 Qa5 12. a3 Rab8 13. Kb1 Rfc8 14. h4 b5 15. Nd5 Qxd2 16. Rxd2 Bxd5 17. exd5 a5 18. Bh3 Ne8 19. Re1 Rb7 20. Bxg7 Kxg7 21. Rd4 Rc5 22. g5 Kf8 23. f4 Nc7 24. Bf1 b4 25. a4 Rb8 26. Bc4 Ne8 27. Bd3 Ng7 28. Ka2 Rbc8 29. Kb3 f5 30. Re2 Kf7 31. Bb5 Nh5 32. Rg2 Kg7 33. Re2 R8c7 34. Bc6 Ng3 35. Rg2 Ne4 36. Bb5 Kf8 37. Bd3 e5 38. dxe6 d5 39. Bb5 Ke7 40. Bd7 Kd6 41. h5 gxh5 42. Rh2 h4 43. Bb5 Kxe6 44. Rxh4 Rxc2 45. Rh6+ Ke7 46. Rxh7+ Ke6 47. Rh6+ Ke7 48. Rxd5 Nd2+ 49. Ka2 Ne4 50. Rh7+ Ke6 51. Re5+ Kd6 52. Rh6+ 1-0

[Event "New York President's Day IM-B"]
[Site "New York"]
[Date "2024.02.16"]
[Round "3"]
[White "Graif, William"]
[Black "Lee, Megan Shuen Hui"]
[Result "0-1"]
[WhiteElo "2302"]
[BlackElo "2279"]
[PlyCount "70"]
[EventDate "2024.02.15"]
[EventType "schev"]
[EventRounds "9"]
[EventCountry "USA"]
[SourceTitle "CB08_2024"]
[SourceDate "2024.02.21"]
[SourceVersion "1"]
[SourceVersionDate "2024.02.21"]
[SourceQuality "1"]

1. e4 c5 2. c3 Nf6 3. e5 Nd5 4. Nf3 d6 5. d4 cxd4 6. exd6 e6 7. Nxd4 Bxd6 8. g3 Nc6 9. Bg2 Nxd4 10. Qxd4 0-0 11. 0-0 Qc7 12. c4 Be5 13. Qh4 Ne7 14. Na3 a6 15. Re1 Ng6 16. Qe4 Rb8 17. Qe2 f5 18. f4 Bf6 19. h4 Re8 20. h5 Nf8 21. Be3 Bd7 22. h6 gxh6 23. Qf2 Bc6 24. Bd4 Bxd4 25. Qxd4 Rbd8 26. Qc3 Rd7 27. Rad1 Rg7 28. Bxc6 Qxc6 29. Kf2 Ng6 30. Rd4 e5 31. Rd5 exf4 32. Rxe8+ Qxe8 33. Qd2 fxg3+ 34. Kg1 Nh4 35. Qd1 Qe3+ 0-1

[Event "New York 1000 GM Winter GM-B"]
[Site "New York"]
[Date "2024.01.15"]
[Round "8"]
[White "Paragua, Mark"]
[Black "Graif, William"]
[Result "1-0"]
[WhiteElo "2448"]
[BlackElo "2302"]
[PlyCount "77"]
[EventDate "2024.01.11"]
[EventType "tourn"]
[EventRounds "9"]
[EventCountry "USA"]
[EventCategory "6"]
[SourceTitle "CB04_2024"]
[SourceDate "2023.10.16"]
[SourceVersion "1"]
[SourceVersionDate "2023.10.16"]
[SourceQuality "1"]

1. Nf3 c5 2. g3 g6 3. Bg2 Bg7 4. 0-0 Nc6 5. e4 e5 6. d3 Nge7 7. c3 0-0 8. Be3 b6 9. d4 exd4 10. cxd4 d5 11. exd5 Nxd5 12. Bg5 f6 13. Bd2 cxd4 14. Na3 Bb7 15. Nb5 Qd7 16. Qb3 Kh8 17. Nbxd4 Nxd4 18. Nxd4 f5 19. Nf3 Bc6 20. Rac1 Rac8 21. Ng5 h6 22. Nf3 Kh7 23. Rfe1 Ba4 24. Qa3 Rxc1 25. Rxc1 Rd8 26. h4 Ne7 27. Re1 Ng8 28. Bc3 Bc6 29. Bxg7 Qxg7 30. h5 g5 31. Nxg5+ hxg5 32. Bxc6 Rd2 33. Qe3 Rxb2 34. Qe6 f4 35. Rd1 Kh8 36. Rd7 Qh6 37. Be4 fxg3 38. Qe5+ Nf6 39. Rd8+ 1-0

[Event "New York 1000 GM Winter GM-B"]
[Site "New York"]
[Date "2024.01.14"]
[Round "7"]
[White "Graif, William"]
[Black "Nagy, Gabor"]
[Result "1/2-1/2"]
[WhiteElo "2302"]
[BlackElo "2450"]
[PlyCount "112"]
[EventDate "2024.01.11"]
[EventType "tourn"]
[EventRounds "9"]
[EventCountry "USA"]
[EventCategory "6"]
[SourceTitle "CB04_2024"]
[SourceDate "2023.10.16"]
[SourceVersion "1"]
[SourceVersionDate "2023.10.16"]
[SourceQuality "1"]

1. e4 c5 2. Nc3 e6 3. f4 d5 4. Nf3 dxe4 5. Nxe4 Nc6 6. Bb5 Bd7 7. Qe2 Nf6 8. f5 Nxe4 9. Qxe4 Qe7 10. fxe6 Qxe6 11. Qxe6+ Bxe6 12. Ne5 Bd5 13. 0-0 Bd6 14. Nc4 Bxc4 15. Bxc4 0-0 16. d3 Nd4 17. Rf2 Rae8 18. Bg5 b5 19. Bb3 c4 20. dxc4 Bc5 21. Kf1 Nxb3 22. axb3 Bxf2 23. Kxf2 bxc4 24. bxc4 Re4 25. b3 Rfe8 26. Ra2 h6 27. Bc1 Re2+ 28. Kf3 g5 29. c5 Re1 30. Bd2 Rf1+ 31. Kg3 Rf6 32. Rxa7 Re2 33. Rd7 Rff2 34. c6 Rxg2+ 35. Kf3 Rgf2+ 36. Kg3 Rg2+ 37. Kf3 Rxd2 38. c7 Rxc2 39. c8Q+ Rxc8 40. Kxg2 Rc2+ 41. Kg1 Rb2 42. Rb7 g4 43. Rb4 h5 44. Rb5 Kg7 45. Rxh5 Kg6 46. Rb5 f5 47. Rb4 Kg5 48. Kh1 Kh4 49. Rb8 Kg5 50. Rb4 f4 51. Rb5+ Kh4 52. Rb8 g3 53. Rh8+ Kg4 54. Rg8+ Kf3 55. hxg3 Rxb3 56. gxf4 Kxf4 1/2-1/2

[Event "New York 1000 GM Winter GM-B"]
[Site "New York"]
[Date "2024.01.11"]
[Round "1"]
[White "Koustav, Chatterjee"]
[Black "Graif, William"]
[Result "1-0"]
[WhiteElo "2546"]
[BlackElo "2302"]
[PlyCount "61"]
[EventDate "2024.01.11"]
[EventType "tourn"]
[EventRounds "9"]
[EventCountry "USA"]
[EventCategory "6"]
[SourceTitle "CB04_2024"]
[SourceDate "2023.10.16"]
[SourceVersion "1"]
[SourceVersionDate "2023.10.16"]
[SourceQuality "1"]

1. e4 c5 2. Nf3 Nc6 3. Bb5 g6 4. 0-0 Bg7 5. c3 Nf6 6. Re1 0-0 7. d4 d5 8. e5 Ne4 9. Bxc6 bxc6 10. Be3 Rb8 11. Qc1 cxd4 12. cxd4 Bf5 13. Nc3 f6 14. Nxe4 dxe4 15. Nd2 Qd5 16. Nc4 a5 17. Qc3 Rb4 18. Rac1 Rfb8 19. Bf4 R8b7 20. a3 R4b5 21. exf6 Bxf6 22. Be5 Bg5 23. Ne3 Bxe3 24. Qxe3 e6 25. h3 h5 26. Qg5 Rf7 27. g4 hxg4 28. hxg4 e3 29. Rxe3 Rh7 30. f3 Rxb2 31. gxf5 1-0

[Event "Charlotte CCCSA Fall IM-C"]
[Site "Charlotte"]
[Date "2023.11.18"]
[Round "4"]
[White "Guo, Ethan"]
[Black "Graif, William"]
[Result "0-1"]
[WhiteElo "2026"]
[BlackElo "2289"]
[PlyCount "84"]
[EventDate "2023.11.17"]
[EventType "tourn"]
[EventRounds "9"]
[EventCountry "USA"]
[SourceTitle "CB48_2023"]
[SourceDate "2023.11.29"]
[SourceVersion "1"]
[SourceVersionDate "2023.11.29"]
[SourceQuality "1"]

1. e4 e6 2. d4 d5 3. Nd2 Nc6 4. Ngf3 Nf6 5. e5 Nd7 6. Bd3 Nb4 7. Be2 c5 8. c3 Nc6 9. Bd3 Qb6 10. 0-0 cxd4 11. cxd4 Nxd4 12. Nxd4 Qxd4 13. Nf3 Qb6 14. a3 Nc5 15. Bc2 Bd7 16. b4 Ne4 17. Be3 Qa6 18. Nd4 Rc8 19. Bd3 b5 20. Rc1 Rxc1 21. Qxc1 f6 22. f3 Ng5 23. f4 Nf7 24. f5 Nxe5 25. Bxb5 Bxb5 26. Nxb5 Qc6 27. Qxc6+ Nxc6 28. Nc7+ Kd7 29. Nxe6 a5 30. b5 Ne5 31. Rd1 Bxa3 32. Rxd5+ Ke7 33. b6 Nc4 34. Bf4 a4 35. Nd8 Rxd8 36. Rxd8 Kxd8 37. b7 Bc5+ 38. Kf1 Ba7 39. b8Q+ Bxb8 40. Bxb8 a3 41. Ba7 Nd2+ 42. Ke2 Nb3 0-1

[Event "Charlotte CCCSA Fall IM-C"]
[Site "Charlotte"]
[Date "2023.11.17"]
[Round "1"]
[White "Graif, William"]
[Black "Bhagat, Kush"]
[Result "1-0"]
[WhiteElo "2289"]
[BlackElo "2209"]
[PlyCount "49"]
[EventDate "2023.11.17"]
[EventType "tourn"]
[EventRounds "9"]
[EventCountry "USA"]
[SourceTitle "CB48_2023"]
[SourceDate "2023.11.29"]
[SourceVersion "1"]
[SourceVersionDate "2023.11.29"]
[SourceQuality "1"]

1. e4 c5 2. Nf3 d6 3. d4 cxd4 4. Nxd4 Nf6 5. Nc3 g6 6. Be3 Bg7 7. f3 0-0 8. Qd2 Nc6 9. 0-0-0 Nxd4 10. Bxd4 Be6 11. Kb1 Qc7 12. h4 Rfc8 13. h5 Qa5 14. hxg6 fxg6 15. a3 Rab8 16. Qe3 Bf7 17. Nb5 Ra8 18. g4 Qa4 19. Nc3 Qa5 20. g5 Ne8 21. Nd5 Bxd5 22. exd5 Qa4 23. Qe6+ Kf8 24. Rxh7 Qxc2+ 25. Ka2 1-0

[Event "Titled Tuesday intern op 29th Aug Late"]
[Site "Chess.com INT"]
[Date "2023.08.29"]
[Round "8"]
[White "Caglar, Sila"]
[Black "Graif, William"]
[Result "1/2-1/2"]
[WhiteElo "2198"]
[BlackElo "2293"]
[PlyCount "181"]
[EventDate "2023.08.29"]
[EventType "swiss (blitz)"]
[EventRounds "11"]
[EventCountry "USA"]
[SourceTitle "EXT 2024"]
[Source "ChessBase"]
[SourceDate "2023.10.10"]
[SourceVersion "1"]
[SourceVersionDate "2023.10.10"]
[SourceQuality "1"]

1. e4 e5 2. Nf3 Bc5 3. Bc4 Nf6 4. d3 Nc6 5. c3 d6 6. 0-0 a6 7. a4 Ba7 8. Nbd2 0-0 9. h3 Kh8 10. Re1 Be6 11. b4 Ne7 12. Qb3 Qd7 13. d4 Bxc4 14. Nxc4 exd4 15. cxd4 d5 16. Nce5 Qd8 17. Ng5 Kg8 18. Bb2 c6 19. Rad1 Nxe4 20. Nxe4 dxe4 21. Rxe4 Qd5 22. Qc2 Ng6 23. Nxg6 fxg6 24. Re5 Qf7 25. Rd3 Rad8 26. Rf3 Qd7 27. Qc4+ Kh8 28. Rxf8+ Rxf8 29. Qe6 Qxe6 30. Rxe6 Kg8 31. f3 Kf7 32. Re4 g5 33. Kf1 g6 34. Ke2 Rd8 35. Kd3 Rd5 36. h4 gxh4 37. Rxh4 h5 38. g4 Bb8 39. gxh5 gxh5 40. Ke4 Bg3 41. Rh3 h4 42. Bc1 Kg6 43. Be3 Rd8 44. Bf4 Re8+ 45. Be5 Kg5 46. Rh1 Re7 47. Rg1 Kh5 48. Kf5 Bxe5 49. dxe5 h3 50. Kf6 Rh7 51. e6 Kh4 52. Rg4+ Kh5 53. Rg5+ Kh4 54. Rg4+ Kh5 55. Rg1 Kh4 56. e7 Rh8 57. Rg4+ Kh5 58. Rg1 Kh4 59. Kf7 h2 60. Rh1 Kg3 61. e8Q Rxe8 62. Kxe8 b6 63. Rxh2 Kxh2 64. f4 c5 65. bxc5 bxc5 66. f5 c4 67. f6 c3 68. f7 c2 69. f8Q c1Q 70. Qe7 Qc8+ 71. Kf7 Qc4+ 72. Qe6 Qxa4 73. Qe2+ Kg3 74. Qe3+ Kg2 75. Qe2+ Kg3 76. Qe3+ Kg4 77. Qe6+ Kf3 78. Qd5+ Ke3 79. Qe6+ Kd3 80. Qd6+ Kc3 81. Qe5+ Kb3 82. Qe3+ Kb2 83. Qd2+ Kb3 84. Qd3+ Kb4 85. Qd4+ Ka3 86. Qc5+ Qb4 87. Qc1+ Qb2 88. Qc5+ Qb4 89. Qc1+ Ka2 90. Qc2+ Ka3 91. Qc1+ 1/2-1/2

[Event "Titled Tuesday intern op 29th Aug Late"]
[Site "Chess.com INT"]
[Date "2023.08.29"]
[Round "7"]
[White "Graif, William"]
[Black "Cuenca Jimenez, Jose Fernando"]
[Result "0-1"]
[WhiteElo "2293"]
[BlackElo "2529"]
[PlyCount "90"]
[EventDate "2023.08.29"]
[EventType "swiss (blitz)"]
[EventRounds "11"]
[EventCountry "USA"]
[SourceTitle "EXT 2024"]
[Source "ChessBase"]
[SourceDate "2023.10.10"]
[SourceVersion "1"]
[SourceVersionDate "2023.10.10"]
[SourceQuality "1"]

1. e4 c5 2. Nc3 Nc6 3. Bb5 Nd4 4. Nf3 e6 5. 0-0 a6 6. Bd3 Nc6 7. e5 d6 8. exd6 Bxd6 9. b3 Nf6 10. Bb2 0-0 11. Ne4 Be7 12. Re1 h6 13. Ne5 Nd4 14. Nxf6+ Bxf6 15. Qh5 b5 16. Be4 Rb8 17. c3 Nf5 18. Nc6 Qxd2 19. Re2 Qd6 20. Nxb8 Qxb8 21. Rd1 c4 22. Red2 Be7 23. h3 Qc7 24. b4 Bf6 25. Qe2 a5 26. bxa5 Qxa5 27. Rc1 Qc7 28. Ba3 Re8 29. Bb4 Qf4 30. Rcd1 Bg5 31. Bxf5 Qxf5 32. Rd5 Qg6 33. Rxb5 e5 34. Rb8 Bd7 35. Rxe8+ Bxe8 36. Qxe5 f6 37. Qe6+ Kh7 38. Qxc4 Bf7 39. Qd3 f5 40. c4 Bf6 41. Bc3 Bg5 42. a3 Bh4 43. c5 Be8 44. Qd4 Bc6 45. Qe5 Qxg2# 0-1

[Event "Titled Tuesday intern op 29th Aug Late"]
[Site "Chess.com INT"]
[Date "2023.08.29"]
[Round "3"]
[White "Kejzar, Petra"]
[Black "Graif, William"]
[Result "1/2-1/2"]
[WhiteElo "1986"]
[BlackElo "2293"]
[PlyCount "117"]
[EventDate "2023.08.29"]
[EventType "swiss (blitz)"]
[EventRounds "11"]
[EventCountry "USA"]
[SourceTitle "EXT 2024"]
[Source "ChessBase"]
[SourceDate "2023.10.10"]
[SourceVersion "1"]
[SourceVersionDate "2023.10.10"]
[SourceQuality "1"]

1. e4 e5 2. Nf3 Bc5 3. Bc4 Nf6 4. d3 Nc6 5. c3 d6 6. Be3 Bxe3 7. fxe3 0-0 8. Nbd2 d5 9. Bb3 dxe4 10. dxe4 b6 11. Qe2 Bb7 12. Rd1 Qe7 13. 0-0 Na5 14. Bc2 Rad8 15. Qf2 Ne8 16. b4 Nc6 17. Bb3 Kh8 18. Qg3 Rd3 19. Nh4 Nd6 20. Nc4 Nxe4 21. Qg4 Rxd1 22. Rxd1 Nxc3 23. Rd7 Bc8 24. Rxe7 Bxg4 25. Rxc7 Nxb4 26. Nxe5 Ncd5 27. Rxf7 Rxf7 28. Nxf7+ Kg8 29. Ne5 Be6 30. a3 Na6 31. Nc6 Ndc7 32. Bxe6+ Nxe6 33. Nxa7 Nac7 34. Nc6 Nb5 35. Ne7+ Kf7 36. Nd5 Nxa3 37. Nxb6 Nc2 38. Nc4 g5 39. Nf3 Kf6 40. Kf2 h5 41. Nfd2 Kf5 42. e4+ Kf6 43. g3 Ncd4 44. Ke3 Nc6 45. Kd3 Nc5+ 46. Ke3 Ne6 47. Nb6 Ne5 48. Nd5+ Kg6 49. Nf3 Ng4+ 50. Ke2 Nc5 51. h3 Nxe4 52. hxg4 hxg4 53. Ne5+ Kf5 54. Ne3+ Kxe5 55. Nxg4+ Kf5 56. Ne3+ Ke5 57. Kf3 Nxg3 58. Kg4 Ke4 59. Kxg5 1/2-1/2

[Event "Titled Tuesday intern op 22nd Aug Late"]
[Site "Chess.com INT"]
[Date "2023.08.22"]
[Round "2"]
[White "Graif, William"]
[Black "Baghdasaryan, Vahe"]
[Result "0-1"]
[WhiteElo "2293"]
[BlackElo "2257"]
[PlyCount "94"]
[EventDate "2023.08.22"]
[EventType "swiss (blitz)"]
[EventRounds "11"]
[EventCountry "USA"]
[SourceTitle "EXT 2024"]
[Source "ChessBase"]
[SourceDate "2023.10.10"]
[SourceVersion "1"]
[SourceVersionDate "2023.10.10"]
[SourceQuality "1"]

1. e4 e5 2. Nf3 Nc6 3. d4 exd4 4. c3 dxc3 5. Bc4 Nf6 6. 0-0 d6 7. Qb3 Na5 8. Bxf7+ Ke7 9. Qxc3 Kxf7 10. Qxa5 Nxe4 11. Qd5+ Be6 12. Qxe4 h6 13. Nc3 Be7 14. Re1 Qc8 15. Nd4 Bf6 16. Nxe6 Re8 17. Bf4 Rxe6 18. Qd5 c6 19. Qxe6+ Qxe6 20. Rxe6 Kxe6 21. Re1+ Kd7 22. Ne4 Be7 23. Nxd6 Rf8 24. Rxe7+ Kxe7 25. g3 Rxf4 26. Nc8+ Kd8 27. gxf4 Kxc8 28. Kg2 Kd7 29. Kf3 Ke6 30. Ke4 g6 31. h4 h5 32. b4 b6 33. a3 c5 34. bxc5 bxc5 35. a4 a5 36. f3 Kd6 37. f5 gxf5+ 38. Kxf5 Kd5 39. f4 c4 40. Kg6 c3 41. f5 c2 42. f6 c1Q 43. f7 Qf4 44. Kg7 Ke6 45. f8Q Qxf8+ 46. Kxf8 Kf5 47. Ke7 Kg4 0-1

[Event "Titled Tuesday intern op 22nd Aug Late"]
[Site "Chess.com INT"]
[Date "2023.08.22"]
[Round "7"]
[White "Paterek, Michal"]
[Black "Graif, William"]
[Result "1-0"]
[WhiteElo "2307"]
[BlackElo "2293"]
[PlyCount "87"]
[EventDate "2023.08.22"]
[EventType "swiss (blitz)"]
[EventRounds "11"]
[EventCountry "USA"]
[SourceTitle "EXT 2024"]
[Source "ChessBase"]
[SourceDate "2023.10.10"]
[SourceVersion "1"]
[SourceVersionDate "2023.10.10"]
[SourceQuality "1"]

1. d4 Nf6 2. c4 e6 3. Nc3 Bb4 4. f3 0-0 5. e4 d5 6. cxd5 exd5 7. e5 Nfd7 8. a3 Bxc3+ 9. bxc3 f6 10. exf6 Qxf6 11. Bd3 Qh4+ 12. g3 Qe7+ 13. Kf2 Nf6 14. Kg2 b6 15. Qe2 Qf7 16. Bf4 a5 17. Nh3 Bxh3+ 18. Kxh3 Nh5 19. Be5 Nd7 20. f4 Nxe5 21. dxe5 Rae8 22. Rhf1 Kh8 23. Rae1 Nf6 24. Kg2 c5 25. Qb2 Nd7 26. h4 Re6 27. Qb1 h6 28. a4 Rfe8 29. Bf5 R6e7 30. Bg6 Qf8 31. Bxe8 Qxe8 32. Qb5 d4 33. cxd4 Qa8+ 34. Rf3 Qd5 35. Rd1 Qa2+ 36. Rf2 Qd5+ 37. Kh2 Re8 38. Qd3 c4 39. Qf3 Qf7 40. d5 Nc5 41. e6 Qe7 42. f5 Nd3 43. Rc2 Qc5 44. Rxd3 1-0

[Event "Titled Tuesday intern op 15th Aug Late"]
[Site "Chess.com INT"]
[Date "2023.08.15"]
[Round "9"]
[White "Graif, William"]
[Black "Khalikov, Bulat"]
[Result "1-0"]
[WhiteElo "2293"]
[BlackElo "2171"]
[PlyCount "121"]
[EventDate "2023.08.15"]
[EventType "swiss (blitz)"]
[EventRounds "11"]
[EventCountry "USA"]
[SourceTitle "EXT 2024"]
[Source "ChessBase"]
[SourceDate "2023.10.10"]
[SourceVersion "1"]
[SourceVersionDate "2023.10.10"]
[SourceQuality "1"]

1. e4 e5 2. Nf3 Nc6 3. d4 exd4 4. c3 dxc3 5. Bc4 d6 6. Qb3 Qd7 7. Nxc3 Na5 8. Qb4 Nxc4 9. Qxc4 Nf6 10. 0-0 Be7 11. Bg5 0-0 12. Rad1 h6 13. Bxf6 Bxf6 14. e5 Be7 15. Nd5 Bd8 16. Nf4 Re8 17. Rfe1 Qc6 18. Qxc6 bxc6 19. exd6 Rxe1+ 20. Rxe1 Kf8 21. Ne5 cxd6 22. Nxc6 Bg5 23. Nd3 Bb7 24. Na5 Bd5 25. Nb4 Be6 26. Rd1 Rd8 27. Nac6 Rd7 28. Nd4 Be7 29. Nbc6 Bd8 30. Nxd8 Rxd8 31. Nb5 Ke7 32. Nxa7 Ra8 33. Nc6+ Kd7 34. Nb4 Bxa2 35. Ra1 Bd5 36. Rxa8 Bxa8 37. Kf1 Kc7 38. g3 Kb6 39. Ke2 Kb5 40. Nd3 Kc4 41. Ke3 Kb3 42. Kd4 Bb7 43. f4 g6 44. h4 h5 45. Ke3 Ba6 46. Nf2 f5 47. Kd4 Bb7 48. Nd1 Bf3 49. Ne3 Kxb2 50. Nc4+ Kc2 51. Nxd6 Kd2 52. Ke5 Ke2 53. Kf6 Kf2 54. Kxg6 Kxg3 55. Nxf5+ Kxf4 56. Ng7 Kg3 57. Kg5 Bg4 58. Nxh5+ Kf3 59. Nf6 Be6 60. h5 Bf7 61. h6 1-0

[Event "Titled Tuesday intern op 15th Aug Late"]
[Site "Chess.com INT"]
[Date "2023.08.15"]
[Round "10"]
[White "Todorovic, Bojan"]
[Black "Graif, William"]
[Result "1/2-1/2"]
[WhiteElo "2195"]
[BlackElo "2293"]
[PlyCount "106"]
[EventDate "2023.08.15"]
[EventType "swiss (blitz)"]
[EventRounds "11"]
[EventCountry "USA"]
[SourceTitle "EXT 2024"]
[Source "ChessBase"]
[SourceDate "2023.10.10"]
[SourceVersion "1"]
[SourceVersionDate "2023.10.10"]
[SourceQuality "1"]

1. d4 Nf6 2. c4 e6 3. Nf3 d5 4. Bg5 a6 5. e3 Be7 6. Nc3 0-0 7. cxd5 exd5 8. Qc2 Be6 9. Bd3 Nbd7 10. 0-0 c6 11. Ne5 h6 12. Bf4 Nh5 13. Nxd7 Qxd7 14. Be5 f6 15. Bg3 Nxg3 16. hxg3 f5 17. Ne2 g5 18. f4 g4 19. Kf2 Kg7 20. Nc1 h5 21. Be2 h4 22. gxh4 Bxh4+ 23. g3 Bf6 24. Nd3 Rh8 25. Rh1 Rxh1 26. Rxh1 Rh8 27. Rxh8 Kxh8 28. Ne5 Bxe5 29. fxe5 Qh7 30. Bf1 Qh2+ 31. Bg2 Qh6 32. Qc5 Qg7 33. Qd6 Qd7 34. Qf8+ Kh7 35. Bf1 Qf7 36. Qd6 Qd7 37. Qb8 Qf7 38. Bd3 Kg7 39. Qd6 Qd7 40. Qb8 Kg6 41. Qh8 Qg7 42. Qe8+ Qf7 43. Qh8 Qg7 44. Qh4 Qf7 45. b4 Kg7 46. Qg5+ Qg6 47. Qe7+ Qf7 48. Qxf7+ Kxf7 49. a4 b5 50. a5 Ke7 51. Bc2 Kf7 52. Ke2 Ke7 53. Kf2 Kf7 1/2-1/2

[Event "Titled Tuesday intern op 08th Aug Late"]
[Site "Chess.com INT"]
[Date "2023.08.08"]
[Round "6"]
[White "Graif, William"]
[Black "Leschinsky, Gary"]
[Result "1-0"]
[WhiteElo "2293"]
[BlackElo "1987"]
[PlyCount "51"]
[EventDate "2023.08.08"]
[EventType "swiss (blitz)"]
[EventRounds "11"]
[EventCountry "USA"]
[SourceTitle "EXT 2024"]
[Source "ChessBase"]
[SourceDate "2023.10.10"]
[SourceVersion "1"]
[SourceVersionDate "2023.10.10"]
[SourceQuality "1"]

1. e4 c5 2. Nc3 e6 3. Nge2 Nc6 4. g3 g6 5. d4 cxd4 6. Nxd4 Nge7 7. Ndb5 d5 8. exd5 Nxd5 9. Nxd5 exd5 10. Bf4 Bb4+ 11. c3 Ba5 12. Nd6+ Kf8 13. Qxd5 Be6 14. Qc5 Bb6 15. Qa3 Qe7 16. Bh6+ Kg8 17. Ne4 f5 18. Qxe7 Nxe7 19. Ng5 Bd5 20. 0-0-0 Rc8 21. Rxd5 Nxd5 22. Bg2 Nf6 23. Re1 Bc5 24. Re6 Ng4 25. Rxg6+ hxg6 26. Bd5# 1-0

[Event "Titled Tuesday intern op 08th Aug Late"]
[Site "Chess.com INT"]
[Date "2023.08.08"]
[Round "8"]
[White "Graif, William"]
[Black "Rabiega, Robert"]
[Result "1-0"]
[WhiteElo "2293"]
[BlackElo "2468"]
[PlyCount "81"]
[EventDate "2023.08.08"]
[EventType "swiss (blitz)"]
[EventRounds "11"]
[EventCountry "USA"]
[SourceTitle "EXT 2024"]
[Source "ChessBase"]
[SourceDate "2023.10.10"]
[SourceVersion "1"]
[SourceVersionDate "2023.10.10"]
[SourceQuality "1"]

1. e4 c6 2. d4 d5 3. Nc3 dxe4 4. Bc4 Nf6 5. f3 exf3 6. Nxf3 Bg4 7. Ne5 Be6 8. Bxe6 fxe6 9. 0-0 Nbd7 10. Nf3 Qb6 11. Na4 Qc7 12. Ng5 Qd6 13. Bf4 e5 14. dxe5 Nxe5 15. Qe2 Qd4+ 16. Kh1 Neg4 17. Nc3 e5 18. Rad1 Qc5 19. Nce4 Qe7 20. Bg3 h5 21. h3 h4 22. Nd6+ Qxd6 23. Rxd6 Bxd6 24. Be1 Rh5 25. hxg4 Rxg5 26. Bxh4 Rg6 27. g5 Nd5 28. Qh5 Ne7 29. Qh8+ Kd7 30. Qxa8 Kc7 31. Qxa7 Nd5 32. Qa5+ Kd7 33. c4 Nf4 34. Qb6 Kc8 35. Rd1 Re6 36. c5 Bc7 37. Qa7 e4 38. g6 Nxg6 39. Qa8+ Bb8 40. Rd8+ Kc7 41. Qxb8# 1-0

[Event "Titled Tuesday intern op 01st Aug Late"]
[Site "Chess.com INT"]
[Date "2023.08.01"]
[Round "5"]
[White "Gabdushev, Ruslan"]
[Black "Graif, William"]
[Result "1-0"]
[WhiteElo "2256"]
[BlackElo "2293"]
[PlyCount "115"]
[EventDate "2023.08.01"]
[EventType "swiss (blitz)"]
[EventRounds "11"]
[EventCountry "USA"]
[SourceTitle "EXT 2024"]
[Source "ChessBase"]
[SourceDate "2023.10.10"]
[SourceVersion "1"]
[SourceVersionDate "2023.10.10"]
[SourceQuality "1"]

1. g3 e5 2. Bg2 Nc6 3. c3 Qf6 4. d3 Bc5 5. Nf3 a5 6. 0-0 d6 7. Be3 Bxe3 8. fxe3 Qh6 9. Qc1 Nf6 10. Na3 Bd7 11. e4 Qxc1 12. Raxc1 0-0 13. h3 Be6 14. Nb5 Rfc8 15. c4 Nb4 16. a3 Na6 17. g4 Ne8 18. e3 c6 19. Nc3 Nc5 20. Rcd1 Nb3 21. Ng5 c5 22. Nd5 Bxd5 23. exd5 Nf6 24. Nf3 e4 25. Nh4 exd3 26. Rxd3 a4 27. Nf5 Rd8 28. Bf3 Ra6 29. Bd1 Rb6 30. Bxb3 axb3 31. g5 Nd7 32. e4 Ne5 33. Rc3 Ra8 34. Ne3 Ra4 35. Kf2 Rba6 36. Kg3 Ra7 37. h4 b6 38. h5 Re7 39. Kf4 Nd7 40. Nf5 Re8 41. Nxd6 Re7 42. Nf5 Re8 43. Re1 Ne5 44. Nd6 Re7 45. Nc8 Re8 46. Nxb6 Ra6 47. Nc8 f6 48. gxf6 gxf6 49. Rg3+ Kf7 50. Reg1 Rxc8 51. Rg7+ Ke8 52. Rxh7 Nf7 53. Rgg7 Rc7 54. Rh8+ Nxh8 55. Rxc7 Nf7 56. Kf5 Nd6+ 57. Kg6 Nxc4 58. h6 1-0

[Event "Titled Tuesday intern op 25th Jul Late"]
[Site "Chess.com INT"]
[Date "2023.07.25"]
[Round "2"]
[White "Graif, William"]
[Black "Czarnota, Pawel"]
[Result "1-0"]
[WhiteElo "2304"]
[BlackElo "2502"]
[PlyCount "131"]
[EventDate "2023.07.25"]
[EventType "swiss (blitz)"]
[EventRounds "11"]
[EventCountry "USA"]
[SourceTitle "EXT 2024"]
[Source "ChessBase"]
[SourceDate "2023.10.10"]
[SourceVersion "1"]
[SourceVersionDate "2023.10.10"]
[SourceQuality "1"]

1. e4 c5 2. Nc3 Nc6 3. Bb5 Nd4 4. Nf3 Nxb5 5. Nxb5 a6 6. Nc3 d6 7. d4 cxd4 8. Qxd4 h6 9. Be3 e5 10. Qb4 Nf6 11. 0-0-0 Bd7 12. Qxb7 Rb8 13. Qxa6 Be7 14. Nd2 0-0 15. f3 Be6 16. Nb3 Qc7 17. Qa5 Qb7 18. Qa7 Rfc8 19. Qxb7 Rxb7 20. Rd2 Bf8 21. Rhd1 Ra8 22. Kb1 Nd7 23. h3 Nb8 24. f4 Nc6 25. Nd5 exf4 26. Bxf4 Ne5 27. Ne3 Rba7 28. a3 Rb7 29. Bxe5 dxe5 30. Nd5 Rab8 31. Rd3 Bd7 32. Nf6+ gxf6 33. Rxd7 Rb6 34. Rc7 Bd6 35. Rd7 Bf8 36. Ra7 Bd6 37. a4 Kg7 38. a5 Rc6 39. Rd3 Kg6 40. Rd7 Bb4 41. Ra7 f5 42. exf5+ Kxf5 43. Rxf7+ Kg6 44. Rdd7 e4 45. Nd4 Rf6 46. Rxf6+ Kxf6 47. a6 Bc5 48. a7 Ra8 49. Nb5 e3 50. Kc1 Re8 51. Nc3 Ra8 52. Ne4+ Ke5 53. Nxc5 Kf4 54. Kd1 Kg3 55. Ke2 Kxg2 56. Ne6 Kxh3 57. Rb7 h5 58. Nc7 Rg8 59. a8Q Rg2+ 60. Kxe3 Rg3+ 61. Kd2 h4 62. Rb3 Kh2 63. Rxg3 hxg3 64. b4 g2 65. Qxg2+ Kxg2 66. b5 1-0